| 000 | 00535nam a22001577a 4500 | ||
|---|---|---|---|
| 003 | NUST | ||
| 082 | _a621 | ||
| 100 |
_aGulfaraz ,Tayyab _9121862 |
||
| 245 |
_aNumerical simulation of multiple energy harvesting EEL in tandem arrangement / _cTayyab Gulfaraz |
||
| 264 |
_aIslamabad: _bSMME- NUST. _c2019. |
||
| 300 |
_bSoft Copy , _c30cm. |
||
| 650 |
_aMS Mechanical Engineering _9119495 |
||
| 700 |
_aSupervisor : Dr. Emad Uddin _9119529 |
||
| 856 | _uhttp://10.250.8.41:8080/xmlui/handle/123456789/13061 | ||
| 942 |
_2ddc _cTHE |
||
| 999 |
_c608558 _d608558 |
||